[Event "Niedersachsen-ch op-C"]
[Site "Verden"]
[Date "2017.01.06"]
[Round "3"]
[White "Jaiser, Bennet"]
[Black "Vaduva, Ilie"]
[Result "0-1"]
[WhiteElo "1528"]
[BlackElo "1716"]
[PlyCount "66"]
[EventDate "2017.01.05"]
[EventType "swiss"]
[EventRounds "7"]
[EventCountry "GER"]
[SourceTitle "CBM 187 Extra"]
[Source "ChessBase"]
[SourceDate "2018.11.04"]
[SourceVersion "1"]
[SourceVersionDate "2018.11.04"]
[SourceQuality "1"]

1. d4 d5 2. c4 Nf6 3. cxd5 Bf5 4. Nc3 Nxd5 5. Nf3 Nc6 6. Bg5 f6 7. Bh4 e6 8. e3 Be7 9. Bb5 0-0 10. Rc1 Nxc3 11. bxc3 Ba3 12. Ra1 Bb2 13. Rb1 Bxc3+ 14. Kf1 Bxb1 15. Qxb1 Ba5 16. Bc4 Qd7 17. Qb3 Kh8 18. Bxe6 Qd6 19. Bg3 Qb4 20. Qc2 Ne7 21. Ke2 Qb6 22. Bc4 Qc6 23. Rb1 Nd5 24. Rb3 b5 25. e4 bxc4 26. exd5 Rfe8+ 27. Kf1 Qxd5 28. Rb1 Qe4 29. Qb2 h6 30. h3 c3 31. Qc1 c2 32. Rb2 Qe2+ 33. Kg1 Qd1+ 0-1

[Event "Niedersachsen-ch op-C"]
[Site "Verden"]
[Date "2017.01.05"]
[Round "2"]
[White "Frese, Immo"]
[Black "Jaiser, Bennet"]
[Result "1/2-1/2"]
[WhiteElo "1788"]
[BlackElo "1528"]
[PlyCount "64"]
[EventDate "2017.01.05"]
[EventType "swiss"]
[EventRounds "7"]
[EventCountry "GER"]
[SourceTitle "CBM 187 Extra"]
[Source "ChessBase"]
[SourceDate "2018.11.04"]
[SourceVersion "1"]
[SourceVersionDate "2018.11.04"]
[SourceQuality "1"]

1. d4 d5 2. c4 e6 3. Nc3 c5 4. e3 Nc6 5. cxd5 exd5 6. g3 Nf6 7. Bg2 cxd4 8. exd4 Bb4 9. Nge2 0-0 10. 0-0 Bg4 11. Qb3 Be6 12. Be3 Qd7 13. Nf4 Rad8 14. Rac1 Rfe8 15. a3 Ba5 16. Nxe6 Qxe6 17. Rfe1 Qd7 18. Qc2 Bb6 19. Rcd1 Re7 20. Na4 Bc7 21. Nc5 Qc8 22. b4 Rde8 23. Qc3 b6 24. Nd3 Qd7 25. Rc1 Nb8 26. Rc2 Ne4 27. Qb2 Qf5 28. Bxe4 Qxe4 29. Nc1 Qf3 30. Rce2 Nd7 31. Bg5 Rxe2 32. Rxe2 Rxe2 1/2-1/2

[Event "Niedersachsen-ch op-B"]
[Site "Verden"]
[Date "2016.01.05"]
[Round "5"]
[White "Eickhoff, Hermann"]
[Black "Jaiser, Bennet"]
[Result "1-0"]
[WhiteElo "1923"]
[BlackElo "1592"]
[PlyCount "81"]
[EventDate "2016.01.03"]
[EventType "swiss"]
[EventRounds "7"]
[EventCountry "GER"]
[SourceTitle "EXT 2018"]
[Source "ChessBase"]
[SourceDate "2017.10.13"]
[SourceVersion "1"]
[SourceVersionDate "2017.10.13"]
[SourceQuality "1"]

1. Nf3 d5 2. d4 Nf6 3. c4 c5 4. e3 e6 5. Nc3 Nc6 6. a3 Bd6 7. dxc5 Bxc5 8. b4 Bb6 9. Bb2 0-0 10. cxd5 Nxd5 11. Nxd5 Qxd5 12. Qxd5 exd5 13. Bb5 Bg4 14. Bxc6 bxc6 15. Ne5 Be6 16. Nxc6 Rfe8 17. 0-0 Rac8 18. Rac1 Bd7 19. Ne5 Be6 20. h3 f6 21. Nd3 Red8 22. Bd4 Bxd4 23. exd4 Rc4 24. Nc5 Bf7 25. Rfd1 Kf8 26. f4 f5 27. g4 fxg4 28. hxg4 h5 29. g5 g6 30. Kf2 Rxc1 31. Rxc1 Ke7 32. Nd3 Kd6 33. Rc5 Be6 34. Ne5 Rg8 35. Ra5 Rg7 36. Ra6+ Ke7 37. Rxa7+ Kf8 38. Rxg7 Kxg7 39. b5 Bc8 40. a4 Bb7 41. a5 1-0

[Event "Niedersachsen-ch op-B"]
[Site "Verden"]
[Date "2016.01.04"]
[Round "3"]
[White "Kuenitz, Bernhard"]
[Black "Jaiser, Bennet"]
[Result "1-0"]
[WhiteElo "1883"]
[BlackElo "1592"]
[PlyCount "91"]
[EventDate "2016.01.03"]
[EventType "swiss"]
[EventRounds "7"]
[EventCountry "GER"]
[SourceTitle "EXT 2018"]
[Source "ChessBase"]
[SourceDate "2017.10.13"]
[SourceVersion "1"]
[SourceVersionDate "2017.10.13"]
[SourceQuality "1"]

1. c4 e5 2. Nc3 Nf6 3. g3 Nc6 4. Bg2 Bb4 5. e3 d6 6. a3 Bxc3 7. bxc3 Bg4 8. f3 Be6 9. d3 0-0 10. Ne2 Qd7 11. e4 Rfe8 12. Bg5 Qe7 13. 0-0 h6 14. Bxf6 Qxf6 15. Qd2 Rad8 16. f4 Qe7 17. f5 Bc8 18. g4 Qg5 19. Qxg5 hxg5 20. Kf2 f6 21. Rh1 Kf7 22. h4 gxh4 23. Rxh4 b6 24. Rah1 Rg8 25. Ng3 Bb7 26. Rh7 Rd7 27. R1h5 Ke8 28. g5 Rf7 29. Bf3 Bc8 30. gxf6 gxf6 31. R5h6 Rxh7 32. Rxh7 Kd8 33. Rf7 Rh8 34. Rxf6 Rh2+ 35. Bg2 Ke7 36. Rg6 Kf7 37. Rg5 Rh7 38. Bf3 Rh2+ 39. Ke3 Ra2 40. Nh5 Rxa3 41. Rg7+ Ke8 42. Rg8+ Kd7 43. Nf6+ Ke7 44. Nd5+ Kd7 45. f6 Nd8 46. Bg4+ 1-0

[Event "Niedersachsen-ch U14"]
[Site "Norderney"]
[Date "2014.04.14"]
[Round "5"]
[White "Pitzer, Alexander"]
[Black "Jaiser, Bennet"]
[Result "0-1"]
[WhiteElo "1499"]
[BlackElo "1278"]
[PlyCount "102"]
[EventDate "2014.04.??"]
[EventType "swiss"]
[EventRounds "9"]
[EventCountry "GER"]
[SourceTitle "EXT 2017"]
[Source "ChessBase"]
[SourceDate "2016.10.25"]
[SourceVersion "1"]
[SourceVersionDate "2016.10.25"]
[SourceQuality "1"]

1. d4 d5 2. Nf3 c5 3. e3 Nf6 4. Bd3 Bg4 5. c3 e6 6. 0-0 Bd6 7. Re1 0-0 8. Nbd2 Nc6 9. h3 Bh5 10. Qe2 Re8 11. dxc5 Bxc5 12. e4 Rc8 13. e5 Nd7 14. Qf1 Qc7 15. g4 Bg6 16. Bxg6 hxg6 17. Nb3 Ndxe5 18. Nxe5 Nxe5 19. Nxc5 Nf3+ 20. Kg2 Nxe1+ 21. Qxe1 Qxc5 22. Be3 Qa5 23. Bf4 Qb5 24. Qd2 Qc6 25. Kg1 Red8 26. Rd1 f5 27. g5 Kf7 28. Be5 Rh8 29. Kh2 Rh7 30. Qe3 a6 31. Rd3 Rch8 32. Qd4 Rh4 33. f4 R4h7 34. a3 Qb5 35. b4 Qc6 36. Kg2 Qb5 37. Rf3 Qe2+ 38. Qf2 Qxf2+ 39. Kxf2 Rxh3 40. Rxh3 Rxh3 41. Ke2 Rh2+ 42. Kd3 Ra2 43. Kd4 Rxa3 44. Kc5 a5 45. bxa5 Rxa5+ 46. Kb6 Ra4 47. Kxb7 Ke7 48. Bxg7 Rxf4 49. Kc6 Rg4 50. Bf6+ Kf7 51. Kd6 f4 0-1

[Event "Niedersachsen-ch U14"]
[Site "Norderney"]
[Date "2014.04.13"]
[Round "4"]
[White "Jaiser, Bennet"]
[Black "Kiesel, Lucas"]
[Result "1-0"]
[WhiteElo "1278"]
[BlackElo "1576"]
[PlyCount "67"]
[EventDate "2014.04.??"]
[EventType "swiss"]
[EventRounds "9"]
[EventCountry "GER"]
[SourceTitle "EXT 2017"]
[Source "ChessBase"]
[SourceDate "2016.10.25"]
[SourceVersion "1"]
[SourceVersionDate "2016.10.25"]
[SourceQuality "1"]

1. d4 g6 2. c4 Nf6 3. Nc3 Bg7 4. e4 d6 5. f3 0-0 6. Bd3 e5 7. d5 a5 8. Be3 Na6 9. Nge2 Nh5 10. Qd2 Nb4 11. Bb1 f5 12. a3 Na6 13. Bc2 Bd7 14. exf5 gxf5 15. 0-0-0 Nf6 16. g3 Rb8 17. Bh6 Rf7 18. Bxg7 Rxg7 19. h4 Qc8 20. h5 b5 21. cxb5 Bxb5 22. h6 Rg6 23. g4 Qb7 24. Bxf5 Nc5 25. Qc2 Bxe2 26. Nxe2 Rg5 27. Kb1 Na4 28. Rd2 Qb5 29. Nc3 Nxc3+ 30. Qxc3 Nxd5 31. Be6+ Kf8 32. Bxd5 Ke7 33. Qxc7+ Ke8 34. Bc6+ 1-0

[Event "Niedersachsen-ch op-B"]
[Site "Verden"]
[Date "2014.01.03"]
[Round "3"]
[White "Schulze, Lukas"]
[Black "Jaiser, Bennet"]
[Result "0-1"]
[WhiteElo "871"]
[BlackElo "1295"]
[PlyCount "143"]
[EventDate "2014.01.02"]
[EventType "swiss"]
[EventRounds "7"]
[EventCountry "GER"]
[SourceTitle "EXT 2016"]
[Source "ChessBase"]
[SourceDate "2015.10.08"]
[SourceVersion "1"]
[SourceVersionDate "2015.10.08"]
[SourceQuality "1"]

1. e4 e5 2. Nf3 Nc6 3. Bc4 Bc5 4. c3 Nf6 5. d4 exd4 6. cxd4 Bb4+ 7. Bd2 Nxe4 8. Qe2 Qe7 9. d5 Nxd2 10. Qxe7+ Nxe7 11. Nbxd2 d6 12. 0-0 0-0 13. Rfe1 Ng6 14. a3 Ba5 15. b4 Bb6 16. Re2 Bg4 17. h3 Bf5 18. Rae1 a5 19. Ng5 h6 20. Nge4 axb4 21. axb4 Ra4 22. b5 Ne5 23. Bb3 Ra5 24. Ng3 Bd3 25. Rxe5 dxe5 26. Rxe5 Rxb5 27. Ba4 Rb2 28. Nde4 Ra8 29. Bd7 Bc4 30. Nh5 Rd8 31. Bf5 Bxd5 32. Nhg3 Bxe4 33. Nxe4 Kf8 34. Nc5 c6 35. Na4 Rd1+ 36. Kh2 Rb4 37. Nxb6 Rxb6 38. f4 Rb5 39. Bg4 Rxe5 40. Bxd1 Rd5 41. Bf3 Rd6 42. Kg1 b5 43. Kf1 c5 44. Ke1 b4 45. Ke2 c4 46. Ke3 b3 47. Be4 b2 48. Bc2 c3 49. g4 Rd2 50. Bb1 Rd1 51. Bc2 Rc1 52. Kd3 b1Q 53. Bxb1 Rxb1 54. Kxc3 Rh1 55. Kd3 Rxh3+ 56. Ke2 Ke7 57. Kf2 Kd6 58. Kg2 Ra3 59. Kf2 Kd5 60. Ke2 Ke4 61. Kd2 Re3 62. Kd1 Kd3 63. Kc1 Re2 64. Kd1 f6 65. g5 fxg5 66. Kc1 Rd2 67. Kb1 Kc3 68. Kc1 g4 69. Kb1 Rc2 70. Ka1 Kb3 71. Kb1 Rc8 72. Ka1 0-1

[Event "Niedersachsen-ch op-C"]
[Site "Verden"]
[Date "2013.01.05"]
[Round "5"]
[White "Heckmann, Valentin"]
[Black "Jaiser, Bennet"]
[Result "0-1"]
[WhiteElo "900"]
[BlackElo "1195"]
[PlyCount "30"]
[EventDate "2013.01.03"]
[EventType "swiss"]
[EventRounds "7"]
[EventCountry "GER"]
[SourceTitle "EXT 2021"]
[Source "ChessBase"]
[SourceDate "2020.10.23"]
[SourceVersion "1"]
[SourceVersionDate "2020.10.23"]
[SourceQuality "1"]

1. e4 e5 2. Nf3 Nc6 3. Bc4 Bc5 4. c3 Nf6 5. d3 d6 6. b4 Bb6 7. Be3 Bg4 8. Nbd2 0-0 9. 0-0 Qe7 10. a4 a6 11. Qb3 h6 12. b5 Na5 13. Qb4 Nxc4 14. Qxc4 a5 15. h3 Be6 0-1

[Event "Niedersachsen-ch op-C"]
[Site "Verden"]
[Date "2013.01.04"]
[Round "4"]
[White "Jaiser, Bennet"]
[Black "Wurdig, Georg"]
[Result "0-1"]
[WhiteElo "1195"]
[BlackElo "1677"]
[PlyCount "36"]
[EventDate "2013.01.03"]
[EventType "swiss"]
[EventRounds "7"]
[EventCountry "GER"]
[SourceTitle "EXT 2021"]
[Source "ChessBase"]
[SourceDate "2020.10.23"]
[SourceVersion "1"]
[SourceVersionDate "2020.10.23"]
[SourceQuality "1"]

1. d4 e6 2. c4 b6 3. Nc3 Bb7 4. Nf3 Bb4 5. Bf4 Nf6 6. e3 Ne4 7. Qc2 f5 8. Bd3 g5 9. Be5 Rg8 10. 0-0-0 Bxc3 11. bxc3 g4 12. Nd2 Nxf2 13. Rhf1 Nxd1 14. Kxd1 Nc6 15. d5 Nxe5 16. dxe6 Nxd3 17. Qxd3 dxe6 18. Qc2 Bxg2 0-1

[Event "Niedersachsen-ch U12"]
[Site "Rotenburg"]
[Date "2012.04.05"]
[Round "10"]
[White "Neumann, Tiemon"]
[Black "Jaiser, Bennet"]
[Result "1/2-1/2"]
[WhiteElo "1750"]
[BlackElo "1252"]
[PlyCount "40"]
[EventDate "2012.03.31"]
[EventType "swiss"]
[EventRounds "11"]
[EventCountry "GER"]
[SourceTitle "EXT 2015"]
[Source "ChessBase"]
[SourceDate "2014.11.20"]
[SourceVersion "1"]
[SourceVersionDate "2014.11.20"]
[SourceQuality "1"]

1. e4 e5 2. Nf3 d6 3. Bc4 Be7 4. d4 exd4 5. Nxd4 Nf6 6. Nc3 0-0 7. 0-0 Nbd7 8. f4 Re8 9. Qf3 Bf8 10. Nb3 g6 11. f5 Ne5 12. Qe2 Bg7 13. Bg5 c6 14. Rad1 b5 15. Bd3 a6 16. a4 bxa4 17. Nxa4 d5 18. Nac5 a5 19. Qf2 h6 20. Bxf6 Qxf6 1/2-1/2

[Event "Niedersachsen-ch U12"]
[Site "Rotenburg"]
[Date "2012.04.04"]
[Round "7"]
[White "Kuzyak, Vadym"]
[Black "Jaiser, Bennet"]
[Result "1-0"]
[WhiteElo "1204"]
[BlackElo "1252"]
[PlyCount "29"]
[EventDate "2012.03.31"]
[EventType "swiss"]
[EventRounds "11"]
[EventCountry "GER"]
[SourceTitle "EXT 2015"]
[Source "ChessBase"]
[SourceDate "2014.11.20"]
[SourceVersion "1"]
[SourceVersionDate "2014.11.20"]
[SourceQuality "1"]

1. e4 e5 2. f4 exf4 3. Nf3 Nc6 4. d4 Bb4+ 5. c3 Ba5 6. Bxf4 Nf6 7. Nbd2 0-0 8. Bd3 d5 9. e5 Nd7 10. a4 a6 11. b4 Bb6 12. Ng5 f6 13. Bxh7+ Kh8 14. Qh5 Rf7 15. Nxf7# 1-0

[Event "Niedersachsen-ch op-B"]
[Site "Verden"]
[Date "2012.01.04"]
[Round "6"]
[White "Basic, Miroslav"]
[Black "Jaiser, Bennet"]
[Result "0-1"]
[WhiteElo "1433"]
[BlackElo "1174"]
[PlyCount "92"]
[EventDate "2012.01.02"]
[EventType "swiss"]
[EventRounds "7"]
[EventCountry "GER"]
[SourceTitle "EXT 2021"]
[Source "ChessBase"]
[SourceDate "2020.10.23"]
[SourceVersion "1"]
[SourceVersionDate "2020.10.23"]
[SourceQuality "1"]

1. e4 e5 2. Nf3 Nc6 3. Bc4 Bc5 4. c3 d6 5. h3 Be6 6. Bb5 Bd7 7. 0-0 Nf6 8. d3 0-0 9. Bg5 a6 10. Bxc6 Bxc6 11. Re1 Re8 12. Nbd2 Qe7 13. Nb3 Bb6 14. d4 Rad8 15. d5 Ba4 16. Nfd2 c6 17. c4 h6 18. Bh4 Ba7 19. Rc1 Rc8 20. Qe2 Rc7 21. Na1 cxd5 22. b3 Bd7 23. cxd5 Rec8 24. Rxc7 Rxc7 25. Nc4 Bb5 26. a4 Bxc4 27. bxc4 Bd4 28. Nb3 Ba7 29. Rf1 g5 30. Bg3 Qd7 31. Ra1 Qc8 32. Rc1 b5 33. axb5 axb5 34. Na5 Bb6 35. Nc6 bxc4 36. Qxc4 Qd7 37. Ra1 Bd4 38. Ra8+ Kg7 39. Qb5 Nxe4 40. Rd8 Qf5 41. Nxd4 exd4 42. Qd3 Kg6 43. Qxd4 f6 44. Kh2 Nxg3 45. Kxg3 Rc3+ 46. Qxc3 Qf4# 0-1